La muñeca / (Record no. 77748)
[ view plain ]
| 000 -LEADER | |
|---|---|
| campo de control de longitud fija | 01321nam a2200313 i 4500 |
| 001 - NÚMERO DE CONTROL | |
| campo de control | 77748 |
| 003 - IDENTIFICADOR DE NÚMERO DE CONTROL | |
| campo de control | ES-MaACL |
| 005 - FECHA Y HORA DE LA ÚLTIMA TRANSACCIÓN | |
| campo de control | 20250804062643.0 |
| 007 - CAMPO FIJO DE DESCRIPCIÓN FÍSICA--INFORMACIÓN GENERAL | |
| campo de control de longitud fija | t| |
| 008 - DATOS DE LONGITUD FIJA--INFORMACIÓN GENERAL | |
| campo de control de longitud fija | 041105s2000 pr ||||1| spa d |
| 020 ## - NÚMERO INTERNACIONAL ESTÁNDAR DEL LIBRO | |
| Número Internacional Estándar del Libro | 0-8477-3650-4 |
| 080 ## - NÚMERO DE LA CLASIFICACIÓN DECIMAL UNIVERSAL | |
| Número de la Clasificación Decimal Universal | 821.134.2(729.5)-31"19" |
| 100 1# - ENTRADA PRINCIPAL--NOMBRE DE PERSONA | |
| Nombre de persona | Eulate, Carmela, |
| Fechas asociadas al nombre | 1871-1961 |
| Término indicativo de función/relación | Autor |
| 9 (RLIN) | 48325 |
| 245 13 - MENCIÓN DEL TÍTULO | |
| Título | La muñeca / |
| Mención de responsabilidad, etc. | Carmela Eulate Sanjurjo ; estudio crítico y notas por Ángel M. Aguirre ; esquema biográfico y bibliografía de Carmela Eulate Santos Silva ; prefacio a la edición de "La muñeca" de 1895 por Manuel Zeno Gandía. |
| 250 ## - MENCION DE EDICION | |
| Mención de edición | 2ª reimp. |
| 260 ## - PUBLICACIÓN, DISTRIBUCIÓN, ETC. | |
| Lugar de publicación, distribución, etc. | San Juan de Puerto Rico : |
| Nombre del editor, distribuidor, etc. | Universidad de Puerto Rico ; Instituto de Cultura Puertorriqueña, |
| Fecha de publicación, distribución, etc. | 2000. |
| 300 ## - DESCRIPCIÓN FÍSICA | |
| Extensión | 143 páginas ; |
| Dimensiones | 21 cm. |
| 490 1# - MENCIÓN DE SERIE | |
| Mención de serie | Colección puertorriqueña ; |
| Designación de volumen o secuencia | 1 |
| 655 #0 - TERMINO DE INDIZACIÓN--GENERO/FORMA | |
| Datos o término principal de género/forma | Novelas |
| 9 (RLIN) | 234319 |
| 700 1# - ENTRADA AGREGADA--NOMBRE PERSONAL | |
| Nombre de persona | Aguirre, Ángel M. |
| Término indicativo de función/relación | Editor literario |
| 9 (RLIN) | 18808 |
| 700 1# - ENTRADA AGREGADA--NOMBRE PERSONAL | |
| Nombre de persona | Eulate Santos Silva, Carmela |
| Término indicativo de función/relación | Colaborador |
| 9 (RLIN) | 103535 |
| 700 1# - ENTRADA AGREGADA--NOMBRE PERSONAL | |
| Nombre de persona | Zeno Gandía, Manuel, |
| Fechas asociadas al nombre | 1855-1930 |
| Término indicativo de función/relación | Autor de introducción |
| 9 (RLIN) | 118184 |
| 710 2# - ENTRADA AGREGADA--NOMBRE DE ENTIDAD CORPORATIVA | |
| Nombre de entidad corporativa o nombre de jurisdicción como elemento de entrada | Instituto de Cultura Puertorriqueña. |
| Término indicativo de función/relación | Editor |
| 9 (RLIN) | 4858 |
| 830 #0 - PUNTO DE ACCESO ADICIONAL DE SERIE-TÍTULO UNIFORME | |
| Título uniforme | Colección puertorriqueña ; |
| Designación de volumen o secuencia | 1 |
| 9 (RLIN) | 183563 |
| 852 ## - LOCALIZACIÓN | |
| Ubicación | ES-MaACL |
| Sublocalización o colección | R.134496 |
| Ubicación en estantería | Depósito 2 |
| Donativo/Legado | Donativo Ateneo Puertorriqueño |
| Número de control de estantería | E-10270 |
| 942 ## - ELEMENTOS DE ENTRADA SECUNDARIOS (KOHA) | |
| Fuente del sistema de clasificación o colocación | Clasificación decimal universal |
| Tipo de ítem Koha | Libro impreso |
| Suprimir en OPAC | No |
| Estatus retirado | Estado de pérdida | Fuente del sistema de clasificación o colocación | Estado de daño | No para préstamo | Biblioteca de origen | Biblioteca actual | Ubicación en estantería | Fecha de adquisición | Fuente de adquisición | Total de préstamos | Signatura topográfica completa | Código de barras | Visto por última vez | Tipo de ítem Koha |
|---|---|---|---|---|---|---|---|---|---|---|---|---|---|---|
| Clasificación decimal universal | Biblioteca del Ateneo de Madrid | Biblioteca del Ateneo de Madrid | Depósito 2 | 17/01/2008 | Donación | E-10270 | 1081338 | 23/02/2023 | Libro impreso |
